ARRUPE JESUIT UNIVERSITY

CORONAVIRUS -STOP THE SPREAD - CLEAN,DISINFECT,COVER

Ethos and identity : (Record no. 121156)

MARC details
000 -LEADER
fixed length control field 01217cam a22003014a 4500
001 - CONTROL NUMBER
control field 14240412
003 - CONTROL NUMBER IDENTIFIER
control field ARRUPE
005 - DATE AND TIME OF LATEST TRANSACTION
control field 20141103125717.0
008 - FIXED-LENGTH DATA ELEMENTS--GENERAL INFORMATION
fixed length control field 060125r20061978nju b 001 0 eng
010 ## - LIBRARY OF CONGRESS CONTROL NUMBER
LC control number 2006040705
020 ## - INTERNATIONAL STANDARD BOOK NUMBER
International Standard Book Number 020230843X (alk. paper)
035 ## - SYSTEM CONTROL NUMBER
System control number (OCoLC)ocm63245622
040 ## - CATALOGING SOURCE
Original cataloging agency DLC
Transcribing agency DLC
Modifying agency YDX
-- BAKER
-- DLC
042 ## - AUTHENTICATION CODE
Authentication code pcc
050 00 - LIBRARY OF CONGRESS CALL NUMBER
Classification number GN495.6
Item number .E67 2006
082 00 - DEWEY DECIMAL CLASSIFICATION NUMBER
Classification number 305.8
Edition number 22
300 ## - PHYSICAL DESCRIPTION
Dimensions 23 cm.
100 1# - MAIN ENTRY--PERSONAL NAME
Personal name Epstein, A. L.
Fuller form of name (Arnold Leonard)
9 (RLIN) 12318
245 10 - TITLE STATEMENT
Title Ethos and identity :
Remainder of title three studies in ethnicity /
Statement of responsibility, etc A.L. Epstein ; with a new introduction by Athena S. Leoussi.
260 ## - PUBLICATION, DISTRIBUTION, ETC. (IMPRINT)
Place of publication, distribution, etc New Brunswick, N.J. :
Name of publisher, distributor, etc Aldine Transaction,
Date of publication, distribution, etc c2006.
300 ## - PHYSICAL DESCRIPTION
Extent xxviii, 181 p. ;
500 ## - GENERAL NOTE
General note Originally published: London : Tavistock Publications ; Chicago : Aldine Pub. Co., 1978.
504 ## - BIBLIOGRAPHY, ETC. NOTE
Bibliography, etc Includes bibliographical references (p. [168]-174) and indexes.
650 #0 - SUBJECT ADDED ENTRY--TOPICAL TERM
Topical term or geographic name as entry element Ethnicity.
9 (RLIN) 12319
856 41 - ELECTRONIC LOCATION AND ACCESS
Materials specified Table of contents only
Uniform Resource Identifier <a href="http://www.loc.gov/catdir/toc/fy0614/2006040705.html">http://www.loc.gov/catdir/toc/fy0614/2006040705.html</a>
906 ## - LOCAL DATA ELEMENT F, LDF (RLIN)
a 7
b cbc
c orignew
d 1
e ocip
f 20
g y-gencatlg
942 ## - ADDED ENTRY ELEMENTS (KOHA)
Source of classification or shelving scheme Library of Congress Classification
Koha item type Monograph ( Printed materials)
Holdings
Withdrawn status Lost status Source of classification or shelving scheme Damaged status Not for loan Collection code Home library Current library Shelving location Date acquired Total Checkouts Full call number Barcode Date last seen Price effective from Koha item type
    Library of Congress Classification     Main Collection ARRUPE LIBRARY ARRUPE LIBRARY Main Collection 03/11/2014   GN495.6 .E67 2006 46500001298 09/04/2018 03/11/2014 Monograph ( Printed materials)

 

Arrupe Library. PO Box MP320 Mt Pleasant, Harare, Zimbabwe
263 242 745411|librarian@aju.ac.zw